[Event "Badalona Open"]
[Site "Badalona"]
[Date "1994.??.??"]
[Round "6"]
[White "Jerez Perez, Alfonso"]
[Black "Loktiev, Ivan"]
[Result "1-0"]
[WhiteElo "2280"]
[BlackElo "2280"]
[PlyCount "46"]
[EventDate "1994.??.??"]
[Source "www.chesslib.no"]
[SourceDate "2004.05.04"]

1. e4 e5 2. f4 exf4 3. Nf3 g5 4. h4 g4 5. Ne5 d6 6. Nxg4 h5 7. Nf2 Nf6 8. d4 Bh6 9. Nc3 Nc6 10. Qd3 Qe7 11. Bd2 Ng4 12. Nxg4 Bxg4 13. Nd5 Qd8 14. c3 Rg8 15. Bxf4 Bxf4 16. Nxf4 Qd7 17. Nd5 Rg6 18. Be2 O-O-O 19. O-O Rdg8 20. Bf3 Ne7 21. Bxg4 hxg4 22. Nf4 Rh6 23. g3 c6 1-0

[Event "BEL Team Ch 9697"]
[Site "Belgium"]
[Date "1997.??.??"]
[Round "2"]
[White "Henris, Luc"]
[Black "Geenen, Marc"]
[Result "1-0"]
[WhiteElo "2215"]
[BlackElo "2330"]
[PlyCount "57"]
[EventDate "1996.??.??"]
[Source "www.chesslib.no"]
[SourceDate "2004.05.04"]

1. e4 e5 2. f4 exf4 3. Nf3 g5 4. h4 g4 5. Ne5 d6 6. Nxg4 Nf6 7. Nxf6+ Qxf6 8. Nc3 Nc6 9. Bb5 Qg6 10. Qf3 Bd7 11. d3 Rg8 12. Bxf4 Nd4 13. Bxd7+ Kxd7 14. Qh3+ Qg4 15. Qxg4+ Rxg4 16. O-O Be7 17. Bg5 Bxg5 18. hxg5 Rxg5 19. Rxf7+ Ke6 20. Raf1 Rag8 21. R7f2 c6 22. Nd1 Rg3 23. c3 Nb5 24. d4 R8g7 25. Kh2 R3g4 26. Re2 Nc7 27. Rf3 Ke7 28. Ne3 Rh4+ 29. Kg1 1-0

[Event "SLO-chT"]
[Site "Bled"]
[Date "1996.??.??"]
[Round "4"]
[White "Gruskovnjak, Tomislav"]
[Black "Brglez, Rado"]
[Result "1-0"]
[WhiteElo "2250"]
[BlackElo "2280"]
[PlyCount "70"]
[EventDate "1996.??.??"]
[Source "ChessBase"]

1. e4 e5 2. f4 exf4 3. Nf3 g5 4. h4 g4 5. Ne5 d6 6. Nxg4 Nf6 7. Nxf6+ Qxf6 8. Nc3 Nc6 9. Nd5 Qg6 10. Qf3 Ne5 11. Qxf4 Bh6 12. h5 Bxf4 13. hxg6 Bg3+ 14. Kd1 fxg6 15. Nxc7+ Kd8 16. Nxa8 Ng4 17. Ke2 Nf2 18. Rh6 Bg4+ 19. Ke3 Rf8 20. Be2 Bf4+ 21. Kxf2 Bxh6+ 22. Bf3 Bxf3 23. gxf3 Kd7 24. Nb6+ axb6 25. d4 Bf4 26. Bxf4 Rxf4 27. Rh1 Rf7 28. Ke3 b5 29. a3 d5 30. e5 Ke6 31. Rh4 b6 32. Rf4 Rf5 33. Rxf5 Kxf5 34. f4 h6 35. Kf3 g5 1-0

[Event "KG Kieseritsky"]
[Site "?"]
[Date "2000.??.??"]
[Round "?"]
[White "Olivieri Luigi"]
[Black "Malmstrom Jan"]
[Result "1/2-1/2"]
[WhiteElo "2190"]
[BlackElo "2335"]
[PlyCount "55"]
[EventDate "2000.??.??"]
[Source "www.chesslib.no"]
[SourceDate "2004.05.04"]

1. e4 e5 2. f4 exf4 3. Nf3 g5 4. h4 g4 5. Ne5 d6 6. Nxg4 Be7 7. d3 Bxh4+ 8. Nf2 Bg3 9. Nc3 Nf6 10. Ne2 Bg4 11. c3 Nbd7 12. Qc2 Bxe2 13. Bxe2 Qe7 14. O-O O-O-O 15. c4 h5 16. Nh3 h4 17. Bxf4 Rhg8 18. Be3 Kb8 19. Rf5 Rg6 20. b4 Rdg8 21. Raf1 R8g7 22. a3 Be5 23. Rg5 b6 24. Qd2 Nf8 25. Rxg6 Rxg6 26. Bg5 Ne6 27. Bxh4 Qd8 28. Bxf6 1/2-1/2

[Event "SLO-chT"]
[Site "Bled"]
[Date "1996.??.??"]
[Round "1"]
[White "Susnik, Matej"]
[Black "Brglez, Rado"]
[Result "1-0"]
[WhiteElo "2235"]
[BlackElo "2280"]
[PlyCount "35"]
[EventDate "1996.??.??"]
[Source "ChessBase"]

1. e4 e5 2. f4 exf4 3. Nf3 g5 4. h4 g4 5. Ne5 d6 6. Nxg4 Nf6 7. Nf2 Rg8 8. d4 Bh6 9. Nc3 Ng4 10. Nxg4 Rxg4 11. Qf3 Bd7 12. Qf2 Nc6 13. Be2 Rg8 14. Nd5 Bg7 15. c3 Ne7 16. Nxf4 Ng6 17. Nh5 f6 18. Bc4 1-0

[Event "New York Open"]
[Site "Newark, NJ USA"]
[Date "1995.??.??"]
[Round "?"]
[White "Casella, Michael"]
[Black "Bouchaud, Vincent"]
[Result "1-0"]
[WhiteElo "2300"]
[BlackElo "2200"]
[PlyCount "83"]
[EventDate "1995.04.12"]
[Source "www.chesslib.no"]
[SourceDate "2004.05.04"]

1. e4 e5 2. f4 exf4 3. Nf3 g5 4. h4 g4 5. Ne5 d6 6. Nxg4 Nf6 7. Nxf6+ Qxf6 8. Nc3 c6 9. b3 Rg8 10. Bb2 Bg4 11. Be2 h5 12. Bf3 Qd8 13. Qe2 Be7 14. O-O-O Bxh4 15. e5 d5 16. e6 Bxe6 17. Bxh5 Kd7 18. Qf3 Bg3 19. Ne2 Qg5 20. Rdf1 Na6 21. Ba3 c5 22. Qd3 Qe5 23. Kb1 Kc7 24. Qb5 Qd6 25. d4 Qb6 26. Qxb6+ axb6 27. Bf3 Rg5 28. Bc1 Kd7 29. Nxg3 Rxg3 30. Bxf4 Rgg8 31. a3 Nb8 32. Kb2 Nc6 33. dxc5 bxc5 34. Rh5 Ne7 35. Rd1 Ke8 36. Bd6 b6 37. Bc7 b5 38. Bd6 Rc8 39. Re1 Ng6 40. Rxd5 Kd7 41. Rd2 Ke8 42. Bb7 1-0

[Event "Nordea Cup"]
[Site "?"]
[Date "2005.02.17"]
[Round "6"]
[White "Christensen Svend Ellegaard"]
[Black "Lund Esben"]
[Result "0-1"]
[WhiteElo "2193"]
[BlackElo "2292"]
[PlyCount "66"]
[EventDate "2005.??.??"]
[Source "www.chesslib.no"]
[SourceDate "2004.05.04"]

1. e4 e5 2. f4 exf4 3. Nf3 g5 4. h4 g4 5. Ne5 d6 6. Nxg4 Nf6 7. Nxf6+ Qxf6 8. d4 Bh6 9. Nc3 Nc6 10. Bb5 Kf8 11. Bxc6 bxc6 12. Qf3 Rg8 13. Qf2 Rb8 14. Ne2 Rg4 15. b3 c5 16. O-O cxd4 17. Qxd4 Qxh4 18. Qf2 Qxf2+ 19. Rxf2 Bg7 20. Rb1 Bb7 21. Nxf4 Re8 22. Bb2 Bh6 23. Nh5 Be3 24. Nf6 Rf4 25. Rbf1 Re6 26. Nd5 Bxd5 27. exd5 Rh6 28. Bc1 Bxf2+ 29. Rxf2 Rh1+ 30. Kxh1 Rxf2 31. Be3 Rxc2 32. Bxa7 Rxa2 33. Bb8 Rc2 0-1

[Event "Open, Lisbon POR"]
[Site "?"]
[Date "2001.??.??"]
[Round "3"]
[White "Holmsten, A."]
[Black "De Leon Justo, A."]
[Result "0-1"]
[WhiteElo "2435"]
[BlackElo "2050"]
[PlyCount "62"]
[EventDate "2001.??.??"]
[Source "www.chesslib.no"]
[SourceDate "2004.05.04"]

1. e4 e5 2. f4 exf4 3. Nf3 g5 4. h4 g4 5. Ne5 d6 6. Nxg4 Nf6 7. Nf2 Rg8 8. d4 Bh6 9. Nc3 Nc6 10. Nd5 Nxd5 11. exd5 Nb4 12. Bd3 Qe7+ 13. Kf1 Bd7 14. Bxh7 Bb5+ 15. Nd3 O-O-O 16. Bxg8 Rxg8 17. Rh3 Qe4 18. Rf3 Rg4 19. Kg1 Nxc2 20. Nf2 Rxg2+ 21. Kxg2 Ne1+ 22. Kh3 Bd7+ 23. Kh2 Nxf3+ 24. Kh1 Qxd5 25. Qb3 Qh5 26. Kg2 Nxh4+ 27. Kh2 Qe2 28. Be3 fxe3 29. Qxf7 Qxf2+ 30. Qxf2 exf2 31. Kg3 Be3 0-1

[Event "Chessfriend.com"]
[Site "?"]
[Date "2004.05.07"]
[Round "1"]
[White "Scacco Mauro"]
[Black "Maier Alexander"]
[Result "1/2-1/2"]
[WhiteElo "2208"]
[BlackElo "2260"]
[PlyCount "28"]
[EventDate "2004.??.??"]
[Source "www.chesslib.no"]
[SourceDate "2004.05.04"]

1. e4 e5 2. f4 exf4 3. Nf3 g5 4. h4 g4 5. Ne5 d6 6. Nxg4 Nf6 7. Nxf6+ Qxf6 8. Nc3 Nc6 9. Bb5 Kd8 10. d3 Bh6 11. Nd5 Qg7 12. O-O Rg8 13. Rf2 Ne5 14. Qd2 Ng4 1/2-1/2

[Event "Staunton CC King´s Gambit theme-A"]
[Site "Groningen"]
[Date "2002.09.07"]
[Round "2"]
[White "Pel, Bonno"]
[Black "Geurink, Jasper"]
[Result "0-1"]
[WhiteElo "2241"]
[BlackElo "2209"]
[PlyCount "40"]
[EventDate "2002.09.??"]
[Source "ChessBase"]
[SourceDate "2002.11.06"]

1. e4 e5 2. f4 exf4 3. Nf3 g5 4. h4 g4 5. Ne5 d6 6. Nxg4 Nf6 7. Nf2 Rg8 8. d4 Bh6 9. Nc3 Qe7 10. Bd2 Nc6 11. Bb5 Bd7 12. d5 Ne5 13. Bxd7+ Qxd7 14. Kf1 O-O-O 15. Nd3 Rg4 16. Nxe5 dxe5 17. Qf3 Rdg8 18. Rh2 Rg3 19. Qe2 f3 20. gxf3 Qh3+ 0-1

[Event "Spring Festival"]
[Site "Budapest HUN"]
[Date "2008.03.27"]
[Round "7"]
[White "Lyell, M."]
[Black "Van Hoolandt, P."]
[Result "0-1"]
[WhiteElo "2221"]
[BlackElo "2216"]
[PlyCount "66"]
[EventDate "2008.03.21"]
[Source "www.chesslib.no"]
[SourceDate "2004.05.04"]

1. e4 e5 2. f4 exf4 3. Nf3 g5 4. h4 g4 5. Ne5 d6 6. Nxg4 Nf6 7. Nxf6+ Qxf6 8. Nc3 Nc6 9. Nd5 Qg6 10. d3 Qg3+ 11. Kd2 Ne7 12. c3 Nxd5 13. exd5 Bh6 14. Qe2+ Kf8 15. Qh5 Kg7 16. Qf3 Re8 17. Kc2 Bg4 18. Qxg3 fxg3 19. Bxh6+ Kxh6 20. Kd2 Re5 21. Re1 Rxe1 22. Kxe1 Re8+ 23. Kd2 Re5 24. d4 Rf5 25. c4 Rf2+ 26. Kc3 Bf5 27. a4 Rc2+ 28. Kb3 Rc1 29. Kb4 Bd3 30. Bxd3 Rxh1 31. c5 Rd1 32. Kc3 Rg1 33. Be4 f5 0-1

[Event "Bayern-ch Bank Hofmann 3rd"]
[Site "Bad Wiessee"]
[Date "1999.10.30"]
[Round "8"]
[White "Hoennekes, Klaus"]
[Black "Asylguzhin, Radik"]
[Result "0-1"]
[WhiteElo "2126"]
[BlackElo "2294"]
[PlyCount "68"]
[EventDate "1999.10.23"]
[Source "www.chesslib.no"]
[SourceDate "2004.05.04"]

1. e4 e5 2. f4 exf4 3. Nf3 g5 4. h4 g4 5. Ne5 d6 6. Nxg4 Be7 7. d4 Bxh4+ 8. Nf2 Qg5 9. Rxh4 Qxh4 10. Qf3 Nc6 11. c3 Bd7 12. Qxf4 Qe7 13. Be3 O-O-O 14. Nd2 Re8 15. d5 Ne5 16. Bxa7 f5 17. O-O-O fxe4 18. Ndxe4 Rf8 19. Qg3 Nf6 20. Nxf6 Rxf6 21. Bd4 Rg6 22. Qe3 Re8 23. c4 Qg5 24. Qxg5 Rxg5 25. b3 Rf8 26. Kb2 Ng4 27. Ne4 Rh5 28. c5 Rf4 29. c6 bxc6 30. Ba6+ Kd8 31. dxc6 Rxe4 32. cxd7 Rd5 33. Rh1 Rdxd4 34. Rxh7 Re7 0-1

[Event "Oyrarbakka ch-FAI"]
[Site "?"]
[Date "2005.03.21"]
[Round "4"]
[White "Simonsen Olavur"]
[Black "Nielsen Tor"]
[Result "1/2-1/2"]
[WhiteElo "2254"]
[BlackElo "2153"]
[PlyCount "36"]
[EventDate "2005.??.??"]
[Source "www.chesslib.no"]
[SourceDate "2004.05.04"]

1. e4 e5 2. f4 exf4 3. Nf3 g5 4. h4 g4 5. Ne5 d6 6. Nxg4 Nf6 7. Nf2 Qe7 8. d3 Bh6 9. Nc3 Nc6 10. Ne2 Nh5 11. c3 Bd7 12. Qc2 Rg8 13. Bd2 Ng3 14. Nxg3 Rxg3 15. O-O-O O-O-O 16. d4 Rdg8 17. Re1 Qf8 18. Qd1 a6 1/2-1/2

[Event "Hengelo U20 open"]
[Site "?"]
[Date "2003.08.08"]
[Round "7"]
[White "Van Eijk Sander"]
[Black "Swinkels Robin"]
[Result "0-1"]
[WhiteElo "2233"]
[BlackElo "2171"]
[PlyCount "98"]
[EventDate "2003.??.??"]
[Source "www.chesslib.no"]
[SourceDate "2004.05.04"]

1. e4 e5 2. f4 exf4 3. Nf3 g5 4. h4 g4 5. Ne5 d6 6. Nxg4 Nf6 7. Nxf6+ Qxf6 8. Nc3 c6 9. Qf3 Rg8 10. Ne2 Bh6 11. d4 Bg4 12. Qf2 f3 13. Bxh6 fxg2 14. Qxf6 gxh1=Q 15. Bg5 Rxg5 16. hxg5 Qh4+ 17. Kd2 Nd7 18. Qf4 O-O-O 19. Bg2 Rg8 20. Bf3 Qxg5 21. Qxg5 Rxg5 22. Rg1 Nf6 23. Ke3 h6 24. Bxg4+ Rxg4 25. Rxg4 Nxg4+ 26. Kf4 Nf6 27. Ng3 Kd7 28. Nf5 h5 29. c4 Nh7 30. b3 f6 31. Nh4 Nf8 32. d5 c5 33. Kf5 Ke7 34. Ng2 Kf7 35. Nh4 a6 36. a3 a5 37. Nf3 Ng6 38. Ng1 Ne5 39. Ne2 Nf3 40. Kf4 Nd4 41. Nc1 Kg6 42. Kg3 Kg5 43. Nd3 Nxb3 44. a4 Nd2 45. Nf2 Nxc4 46. Nh3+ Kh6 47. Nf4 Nd2 48. Ne6 Nxe4+ 49. Kf4 Nc3 0-1

[Event "It (Open) Oberhausen GER"]
[Site "?"]
[Date "2006.04.16"]
[Round "5"]
[White "Racherbaeumer Marcel"]
[Black "Hassenrueck Helmut"]
[Result "0-1"]
[WhiteElo "2239"]
[BlackElo "2165"]
[PlyCount "32"]
[EventDate "2006.??.??"]
[Source "www.chesslib.no"]
[SourceDate "2004.05.04"]

1. e4 e5 2. f4 exf4 3. Nf3 g5 4. h4 g4 5. Ne5 d6 6. Nxg4 Be7 7. d4 Bxh4+ 8. Nf2 Qg5 9. Qf3 Bg3 10. Rh5 Qg6 11. Rh1 Bg4 12. Qd3 Nf6 13. Nc3 Nc6 14. Ne2 Bxe2 15. Kxe2 O-O-O 16. Kf3 d5 0-1

[Event "TCh-SWE Elitserien 2004-5"]
[Site "?"]
[Date "2005.02.05"]
[Round "7"]
[White "Nilsson Sebastian"]
[Black "Borvander Tom"]
[Result "1/2-1/2"]
[WhiteElo "2224"]
[BlackElo "2176"]
[PlyCount "96"]
[EventDate "2005.??.??"]
[Source "www.chesslib.no"]
[SourceDate "2004.05.04"]

1. e4 e5 2. f4 exf4 3. Nf3 g5 4. h4 g4 5. Ne5 d6 6. Nxg4 Nf6 7. Nxf6+ Qxf6 8. Nc3 c6 9. Qf3 Rg8 10. d3 Bh6 11. Qf2 Bg4 12. Ne2 Bxe2 13. Bxe2 Nd7 14. g4 Qe5 15. g5 Bg7 16. Qxf4 Qc5 17. c4 Be5 18. Qf5 O-O-O 19. Bd2 Bxb2 20. Qxc5 Nxc5 21. Rb1 Be5 22. Bg4+ Kb8 23. Ke2 d5 24. cxd5 cxd5 25. Rb5 b6 26. Rc1 Bd6 27. Be3 Ka8 28. exd5 Rge8 29. Kd2 Na6 30. Bf3 Kb8 31. Rc6 Bb4+ 32. Ke2 Bc5 33. Be4 Bxe3 34. Kxe3 Nc7 35. Rb2 Nxd5+ 36. Kf3 Nc7 37. Rf6 Re7 38. a4 Rd4 39. a5 b5 40. h5 a6 41. Rb6+ Kc8 42. Bf5+ Ne6 43. Ke3 Rd5 44. Ke4 Red7 45. Bxe6 fxe6 46. Rxa6 Rxg5 47. Rc6+ Rc7 48. Rxe6 Rxh5 1/2-1/2

[Event "Staunton CC King´s Gambit theme-A"]
[Site "Groningen"]
[Date "2002.09.07"]
[Round "3"]
[White "Houtman, Joop"]
[Black "Pel, Bonno"]
[Result "0-1"]
[WhiteElo "2141"]
[BlackElo "2241"]
[PlyCount "60"]
[EventDate "2002.09.??"]
[Source "ChessBase"]
[SourceDate "2002.11.06"]

1. e4 e5 2. f4 exf4 3. Nf3 g5 4. h4 g4 5. Ne5 d6 6. Nxg4 Nf6 7. Nxf6+ Qxf6 8. Nc3 Be6 9. Qf3 Nc6 10. Bb5 O-O-O 11. Bxc6 bxc6 12. d3 Rg8 13. Qxf4 Qxf4 14. Bxf4 Rxg2 15. Bg5 Rxc2 16. Bxd8 Kxd8 17. Nd1 Bg7 18. a4 Bd4 19. a5 Bg4 20. Ra4 c5 21. Rc4 Re2+ 22. Kf1 Rd2 23. Rc1 Rxd1+ 24. Rxd1 Bxd1 25. Ke1 Bg4 26. Kd2 h5 27. Rf1 Ke7 28. b3 Bf6 29. Rh1 a6 30. Ke3 Be6 0-1

[Event "BL2-N9798"]
[Site "Germany"]
[Date "1997.??.??"]
[Round "3.8"]
[White "Lahtela, Silvio"]
[Black "Diedrichsen, Detlev"]
[Result "1/2-1/2"]
[WhiteElo "2190"]
[BlackElo "2170"]
[PlyCount "127"]
[EventDate "1997.10.??"]
[Source "www.chesslib.no"]
[SourceDate "2004.05.04"]

1. e4 e5 2. f4 exf4 3. Nf3 g5 4. h4 g4 5. Ne5 d6 6. Nxg4 Be7 7. Bc4 h5 8. Nf2 Bxh4 9. Qf3 Qg5 10. d4 Bg3 11. Nc3 Bg4 12. Qxg3 fxg3 13. Bxg5 gxf2+ 14. Kxf2 Nc6 15. Nd5 Kd7 16. Ne3 f6 17. Bf4 Nge7 18. Nxg4 hxg4 19. c3 f5 20. exf5 Nxf5 21. Rae1 Nce7 22. Be6+ Kc6 23. Rxh8 Rxh8 24. Re4 b5 25. Bg3 Rh1 26. Rxg4 Rb1 27. d5+ Kb6 28. Rb4 Nxg3 29. Kxg3 a5 30. Rb3 a4 31. Rb4 c5 32. dxc6 Nxc6 33. Bf5 Ra1 34. Rf4 Rxa2 35. Rf2 a3 36. bxa3 Rxa3 37. Rf3 Ne5 38. Re3 b4 39. Kf4 Rxc3 40. Rxc3 bxc3 41. g4 Kc5 42. Ke3 d5 43. g5 d4+ 44. Ke2 Kd6 45. Bb1 Ke6 46. Bc2 Kf7 47. Bf5 Ke7 48. Bc2 Ke6 49. Bb1 Nd7 50. Kd3 Kd5 51. Ba2+ Ke5 52. Bb1 Nc5+ 53. Kc4 Ne4 54. g6 Nd6+ 55. Kc5 Ne8 56. Bc2 Ng7 57. Kc4 Ne6 58. Bb1 Ng7 59. Bc2 Nf5 60. Bxf5 Kxf5 61. Kxd4 c2 62. g7 c1=Q 63. g8=Q Qb2+ 64. Kc5 1/2-1/2

[Event "ESP-chT Div 2"]
[Site "Cala Galdana"]
[Date "1999.11.11"]
[Round "4"]
[White "Pont Mulet, Antonio"]
[Black "Brana Lopez, Eduardo"]
[Result "0-1"]
[WhiteElo "2266"]
[BlackElo "2092"]
[PlyCount "74"]
[EventDate "1999.11.08"]
[Source "ChessBase"]
[SourceDate "2000.01.11"]

1. e4 e5 2. f4 exf4 3. Nf3 g5 4. h4 g4 5. Ne5 d6 6. Nxg4 Be7 7. Bc4 Bxh4+ 8. Kf1 Qg5 9. Nh2 Qc5 10. Qe2 Nf6 11. d4 Qa5 12. Bd2 Qb6 13. Nc3 Bd7 14. e5 dxe5 15. Qxe5+ Be6 16. Bxe6 fxe6 17. Nf3 Nbd7 18. Qxf4 O-O-O 19. Rxh4 Qxb2 20. Rb1 Qxc2 21. Rc1 Qd3+ 22. Kg1 Kb8 23. Qh2 Rhg8 24. Kh1 Ng4 25. Qf4 Rdf8 26. Rxg4 Rxf4 27. Rxg8+ Rf8 28. Rxf8+ Nxf8 29. Bf4 Kc8 30. a4 c6 31. Nb5 Ng6 32. Bh2 Kd7 33. Nd6 b6 34. Ne5+ Nxe5 35. dxe5 c5 36. Rc4 Qd2 37. Rf4 Qc1+ 0-1

[Event "Cannes Open"]
[Site "Cannes FRA"]
[Date "1990.??.??"]
[Round "4"]
[White "Delanoy, Arnaud"]
[Black "Bouchaud, Vincent"]
[Result "1/2-1/2"]
[WhiteElo "2315"]
[BlackElo "2000"]
[PlyCount "90"]
[EventDate "1990.02.??"]
[Source "www.chesslib.no"]
[SourceDate "2004.05.04"]

1. e4 e5 2. f4 exf4 3. Nf3 g5 4. h4 g4 5. Ne5 d6 6. Nxg4 Nf6 7. Nxf6+ Qxf6 8. d4 Rg8 9. Nc3 c6 10. Qf3 Bh6 11. e5 dxe5 12. dxe5 Qxe5+ 13. Qe4 Qxe4+ 14. Nxe4 Rg6 15. Bd3 Bf5 16. O-O Bxe4 17. Bxe4 Rg4 18. Re1 Kf8 19. Bf5 Rxh4 20. Bc8 Nd7 21. Bxd7 Rd8 22. Bf5 Bg7 23. c3 Rd5 24. g3 fxg3 25. Bg5 Rh2 26. Rad1 Bd4+ 27. Rxd4 Rxf5 28. Be7+ Kg7 29. Rg4+ Kh6 30. Rxg3 Rxb2 31. Rg2 Rxg2+ 32. Kxg2 Kg6 33. Bh4 Rd5 34. Re2 Rd3 35. Be1 b5 36. Rd2 Rxd2+ 37. Bxd2 Kf5 38. Kf3 Ke5 39. Ke3 h5 40. Be1 c5 41. Bg3+ Kd5 42. Kd3 c4+ 43. Ke3 a5 44. Bc7 b4 45. Bxa5 bxc3 1/2-1/2

[Event "WC.1999.F.00001"]
[Site "?"]
[Date "1999.??.??"]
[Round "?"]
[White "Arnold Jens"]
[Black "Daurelle Herve"]
[Result "1/2-1/2"]
[WhiteElo "2075"]
[BlackElo "2221"]
[PlyCount "47"]
[EventDate "1999.??.??"]
[Source "www.chesslib.no"]
[SourceDate "2004.05.04"]

1. e4 e5 2. f4 exf4 3. Nf3 g5 4. h4 g4 5. Ne5 d6 6. Nxg4 Nf6 7. Nxf6+ Qxf6 8. Nc3 Be6 9. Qe2 Nd7 10. Qf2 Bh6 11. d4 Rg8 12. Ne2 O-O-O 13. Bxf4 Bxf4 14. Nxf4 Rde8 15. Bd3 Bf5 16. Qe3 Qh6 17. O-O-O Nf6 18. Nd5 Qxe3+ 19. Nxe3 Bxe4 20. Rhf1 Rg6 21. h5 Nxh5 22. Rxf7 Bxd3 23. Rxd3 Rg7 24. Rxg7 1/2-1/2

[Event "Baden Challenge"]
[Site "?"]
[Date "2005.11.20"]
[Round "6"]
[White "Beck Frederik"]
[Black "Heimann Andreas"]
[Result "1/2-1/2"]
[WhiteElo "2214"]
[BlackElo "2073"]
[PlyCount "99"]
[EventDate "2005.??.??"]
[Source "www.chesslib.no"]
[SourceDate "2004.05.04"]

1. e4 e5 2. f4 exf4 3. Nf3 g5 4. h4 g4 5. Ne5 d6 6. Nxg4 Nf6 7. Nxf6+ Qxf6 8. Nc3 Nc6 9. Nd5 Qg6 10. d3 Qg3+ 11. Kd2 Nb4 12. Nxb4 Qe3+ 13. Kc3 Bg7+ 14. Kb3 Qb6 15. c3 a5 16. Bxf4 Bd7 17. Be3 c5 18. Kc2 axb4 19. Be2 Bxc3 20. Bg4 Bc6 21. Kc1 Bg7 22. Rf1 Qa6 23. Qd2 c4 24. Qxb4 cxd3 25. Kd2 O-O 26. Bd4 Bh6+ 27. Be3 Bg7 28. Bd4 Bxd4 29. Qxd4 Qa5+ 30. Ke3 Qe5 31. Qxe5 dxe5 32. Rfd1 Ra4 33. Bf5 Bb5 34. a3 Rd4 35. Rac1 Bc4 36. b3 Bxb3 37. Rxd3 Rxd3+ 38. Kxd3 Rd8+ 39. Ke3 Ra8 40. Rc8+ Rxc8 41. Bxc8 b6 42. Kd3 Ba4 43. Bb7 Kf8 44. Kc4 Ke7 45. Kd5 f6 46. Bc8 h6 47. g4 Be8 48. Bf5 Ba4 49. Bc8 Be8 50. Bf5 1/2-1/2

[Event "Copenhagen Open 16th"]
[Site "Copenhagen DEN"]
[Date "1994.??.??"]
[Round "4"]
[White "Flaata, Alexander R"]
[Black "Holst, Allan"]
[Result "0-1"]
[WhiteElo "1900"]
[BlackElo "2340"]
[PlyCount "44"]
[EventDate "1994.06.??"]
[Source "www.chesslib.no"]
[SourceDate "2004.05.04"]

1. e4 e5 2. f4 exf4 3. Nf3 g5 4. h4 g4 5. Ne5 d6 6. Nxg4 Nf6 7. Nf2 Rg8 8. d4 Bh6 9. Nc3 Nc6 10. Rh2 Qe7 11. Bb5 Bd7 12. Qd3 Rg3 13. Qc4 f3 14. Bxh6 fxg2 15. Rxg2 Rxg2 16. Qf1 Rxf2 17. Qxf2 Ng4 18. Bg5 f6 19. Qf3 fxg5 20. Nd5 Nxd4 21. Bxd7+ Qxd7 22. Qc3 c5 0-1

[Event "11.Bad Bertricher Schachtage op"]
[Site "?"]
[Date "2003.12.06"]
[Round "7.3"]
[White "Kleifges Matthias"]
[Black "Meyer Gerd[61Huckarde"]
[Result "0-1"]
[WhiteElo "2175"]
[BlackElo "2057"]
[PlyCount "150"]
[EventDate "2003.??.??"]
[Source "www.chesslib.no"]
[SourceDate "2004.05.04"]

1. e4 e5 2. f4 exf4 3. Nf3 g5 4. h4 g4 5. Ne5 d6 6. Nxg4 Be7 7. h5 Bh4+ 8. Nf2 Qg5 9. d4 Nf6 10. Qf3 Ng4 11. g3 Bxg3 12. Qxg3 fxg3 13. Bxg5 Nxf2 14. Rh4 Rg8 15. Be3 Nc6 16. c3 Ng4 17. Bf4 Nf6 18. Bg2 Bg4 19. Bxg3 Bxh5 20. e5 Rxg3 21. Bxc6+ bxc6 22. exf6 Bg6 23. Nd2 Kd7 24. Kf2 Rg5 25. Rf4 Re8 26. Nf3 Rf5 27. Rxf5 Bxf5 28. Ng5 Bg6 29. Rh1 h5 30. Kf3 c5 31. dxc5 Re5 32. Rg1 Rxc5 33. Ne4 Rf5+ 34. Kg3 Re5 35. Nd2 Rg5+ 36. Kf2 Rxg1 37. Kxg1 Ke6 38. Nf3 Kxf6 39. Nd4 Bd3 40. Nc6 a6 41. Nb4 Bb5 42. Nd5+ Ke5 43. Nxc7 d5 44. a4 Bxa4 45. Nxa6 d4 46. Nc5 dxc3 47. bxc3 Bb5 48. Kg2 Kd5 49. Nb7 Be2 50. Kf2 Bg4 51. c4+ Ke5 52. c5 f5 53. Nd6 Kd5 54. Kg3 Kxc5 55. Nf7 Kd5 56. Kf4 h4 57. Ng5 h3 58. Kg3 Kd4 59. Ne6+ Ke3 60. Nf4 Kd2 61. Nd5 Ke2 62. Nf4+ Ke1 63. Kh2 Kf2 64. Nd3+ Ke3 65. Ne5 Ke4 66. Ng6 f4 67. Ne7 Be6 68. Ng6 Ke3 69. Kg1 f3 70. Ne5 f2+ 71. Kf1 h2 72. Ng4+ Bxg4 73. Kg2 Bf3+ 74. Kxh2 f1=Q 75. Kg3 Qg2+ 0-1

[Event "Dortmund op-A"]
[Site "?"]
[Date "2003.08.04"]
[Round "4"]
[White "Siemes Robert"]
[Black "Meyer Gerd"]
[Result "0-1"]
[WhiteElo "2106"]
[BlackElo "2021"]
[PlyCount "56"]
[EventDate "2003.??.??"]
[Source "www.chesslib.no"]
[SourceDate "2004.05.04"]

1. e4 e5 2. f4 exf4 3. Nf3 g5 4. h4 g4 5. Ne5 d6 6. Nxg4 Be7 7. d3 Bxh4+ 8. Nf2 Qg5 9. Qf3 Bg3 10. Qh5 Qg7 11. Be2 h6 12. Qa5 Na6 13. Nc3 Nf6 14. Nd5 Nxd5 15. Qxd5 Rg8 16. Bf3 Nb4 17. Qb5+ Nc6 18. c3 a6 19. Qa4 Bd7 20. Qd1 O-O-O 21. d4 f5 22. Kf1 Ne7 23. Bd2 fxe4 24. Nxe4 Nf5 25. Qb3 d5 26. Nc5 Bb5+ 27. Kg1 Bf2+ 28. Kxf2 Qg3+ 0-1

[Event "Francisco Bailen in Memoriam"]
[Site "?"]
[Date "2000.??.??"]
[Round "12"]
[White "Moline Xavier"]
[Black "Grazinys Vidmantas"]
[Result "1/2-1/2"]
[WhiteElo "1945"]
[BlackElo "2165"]
[PlyCount "94"]
[EventDate "2000.??.??"]
[Source "www.chesslib.no"]
[SourceDate "2004.05.04"]

1. e4 e5 2. f4 exf4 3. Nf3 g5 4. h4 g4 5. Ne5 d6 6. Nxg4 Be7 7. d4 Bxh4+ 8. Nf2 Qg5 9. Qf3 Bg3 10. Nc3 Nf6 11. Bd2 Nc6 12. Bb5 Bd7 13. Bxc6 Bxc6 14. O-O-O Qg6 15. d5 Bd7 16. Bxf4 Bxf4+ 17. Qxf4 Nh5 18. Qh4 Nf6 19. Rd3 h5 20. Rf3 Ng4 21. Nxg4 Bxg4 22. Rf6 Qg7 23. Rhf1 Rf8 24. Qg3 O-O-O 25. Qf2 b6 26. Nb5 Qg5+ 27. Kb1 Kb7 28. Qg3 a6 29. Nc3 Rd7 30. Qd3 Re7 31. Qc4 Bd7 32. R6f2 f5 33. a4 Re5 34. a5 Qg4 35. axb6 cxb6 36. Qb4 Rf6 37. Qd4 Rf7 38. Qb4 Qg6 39. Qc4 Rfe7 40. exf5 Rxf5 41. Rxf5 Bxf5 42. Qc6+ Ka7 43. Rf2 h4 44. Ne2 Qf6 45. Ka2 Qe5 46. Nc3 b5 47. Re2 Qf6 1/2-1/2

[Event "Chessfriend.com"]
[Site "?"]
[Date "2004.11.20"]
[Round "?"]
[White "Hanison Bernard"]
[Black "Zeh Uwe"]
[Result "0-1"]
[WhiteElo "1889"]
[BlackElo "2178"]
[PlyCount "30"]
[EventDate "2004.??.??"]
[Source "www.chesslib.no"]
[SourceDate "2004.05.04"]

1. e4 e5 2. f4 exf4 3. Nf3 g5 4. h4 g4 5. Ne5 d6 6. Nxg4 Be7 7. d4 Bxh4+ 8. Nf2 Bg3 9. Qf3 Qf6 10. Nc3 Qxd4 11. Bxf4 Bxf4 12. Qxf4 Be6 13. Rd1 Qf6 14. Qxf6 Nxf6 15. Nb5 Na6 0-1

[Event "Durban"]
[Site "?"]
[Date "1983.??.??"]
[Round "?"]
[White "Henning Mark"]
[Black "Kett Timothy"]
[Result "1-0"]
[WhiteElo "1955"]
[BlackElo "2100"]
[PlyCount "61"]
[EventDate "1983.??.??"]
[Source "www.chesslib.no"]
[SourceDate "2004.05.04"]

1. e4 e5 2. f4 exf4 3. Nf3 g5 4. h4 g4 5. Ne5 d6 6. Nxg4 Be7 7. d4 Bxh4+ 8. Nf2 Bxf2+ 9. Kxf2 Nf6 10. Nc3 Nc6 11. Be2 Rg8 12. Bxf4 Bg4 13. Bf3 h5 14. Qd2 Qd7 15. Bg5 Nh7 16. Bh4 f6 17. Nd5 O-O-O 18. Bxf6 Rdf8 19. Bh4 Bxf3 20. gxf3 Qg4 21. f4 Qg2+ 22. Ke3 Rg3+ 23. Bxg3 Qxg3+ 24. Ke2 Ng5 25. Qe3 Nxd4+ 26. Kd3 Qg2 27. Qxd4 Ne6 28. Rag1 Qf3+ 29. Qe3 Nc5+ 30. Kd2 Nxe4+ 31. Kd3 1-0

[Event "Corr"]
[Site "?"]
[Date "2001.11.02"]
[Round "?"]
[White "Fernandez Javier Horacio"]
[Black "Bourgault Pierre"]
[Result "0-1"]
[WhiteElo "2046"]
[BlackElo "2009"]
[PlyCount "33"]
[EventDate "2001.??.??"]
[Source "www.chesslib.no"]
[SourceDate "2004.05.04"]

1. e4 e5 2. f4 exf4 3. Nf3 g5 4. h4 g4 5. Ne5 d6 6. Nxg4 Be7 7. d4 Bxh4+ 8. Nf2 Qg5 9. Qf3 Nc6 10. c3 Bg3 11. Na3 f5 12. Bd3 fxe4 13. Bxe4 Nf6 14. Bxc6+ bxc6 15. Qxc6+ Kf7 16. O-O Qh4 17. Qxc7+ 0-1